000 00334nam a22001457a 4500
008 210226b ||||| |||| 00| 0 eng d
020 _a9780582098626
041 _aeng
080 _23rd
_a32
082 _a32
100 _a19
101 _aSHP
245 _aWorld-Economy, Nation-State and Locality
_cTaylor, P.J
942 _2udc
_cBK
999 _c55305
_d55305